LEADER 01134nam a2200217 i 4500 001 000000247430 003 CaOOAMICUS 005 20160113000000.0 008 160113s1867 it u000 u ita u 013 $a226335 040 $aSeMil$bita 100 1 $aAntonio Maria : da Vicenza.$0(OLS)http://semarc/name/39052 245 10$aVita del venerabile servo di Dio p. Angelo del Pas di Perpignano, sacerdote professo della pił stretta osservanza dei Minori Riformati :$blibri due /$ccomposta dal p. Anton-Maria da Vicenza. 260 $aRoma :$bTip. G. Aureli,$c1867. 300 $a215 p., [1] c. di tav. :$britr. ;$c22 cm. 500 $aLegato con 3J-III-19 FA. 600 04$aAngelo : del Pas .$0(OLS)http://semarc/subject/42748 850 $aSeMil 852 $aSeMil$W1$xVenegono$y1$m3J III 21 FA$j197776$B197776$CSeMilBibl$Z2$F208804 $8I 996 $6245$aVita del venerabile servo di Dio p. Angelo del Pas di Perpignano, sacerdote professo della pił stretta osservanza dei Minori Riformati :$blibri due$9(OLS)http://semarc/title/349412 996 $6260$aRoma :$bTip. G. Aureli$9(OLS)http://semarc/publisher/55151 LEADER 00868nam a2200229 i 4500 001 000000032076 003 CaOOAMICUS 005 20180830125449.0 008 180830s1832 it u000 u ita u 040 $aSeMil$bita 245 10$aCollezione di sacri oratori francesi. 260 $aFirenze :$bTipografia della speranza,$c1832-1835. 300 $a6 v. ;$c24 cm. 773 0 $tClassici sacri oratori greci, latini, italiani e francesi.$dFirenze : Tipografia della speranza, 1832.$w()17368 774 0 $tTomo 1.$g1$w()242978 774 0 $tTomo 3.$g3$w()242979 774 0 $tTomo 2.$g2$w()242980 774 0 $tTomo 4.$g4$w()242981 774 0 $tTomo 5.$g5$w()242982 774 0 $tTomo 6.$g6$w()242983 996 $6245$aCollezione di sacri oratori francesi$9(OLS)http://semarc/title/43520 996 $6260$aFirenze :$bTipografia della speranza$9(OLS)http://semarc/publisher/31390